<?xml version="1.0" encoding="UTF-8"?><?xml-stylesheet type="text/xsl" href="static/style.xsl"?><OAI-PMH xmlns="http://www.openarchives.org/OAI/2.0/" xmlns:xsi="http://www.w3.org/2001/XMLSchema-instance" xsi:schemaLocation="http://www.openarchives.org/OAI/2.0/ http://www.openarchives.org/OAI/2.0/OAI-PMH.xsd"><responseDate>2026-04-18T00:31:56Z</responseDate><request verb="GetRecord" identifier="oai:www.recercat.cat:2445/113800" metadataPrefix="marc">https://recercat.cat/oai/request</request><GetRecord><record><header><identifier>oai:recercat.cat:2445/113800</identifier><datestamp>2025-12-05T14:11:47Z</datestamp><setSpec>com_2072_1057</setSpec><setSpec>col_2072_478815</setSpec><setSpec>col_2072_478917</setSpec></header><metadata><record xmlns="http://www.loc.gov/MARC21/slim" xmlns:dcterms="http://purl.org/dc/terms/" xmlns:xsi="http://www.w3.org/2001/XMLSchema-instance" xmlns:doc="http://www.lyncode.com/xoai" xsi:schemaLocation="http://www.loc.gov/MARC21/slim http://www.loc.gov/standards/marcxml/schema/MARC21slim.xsd">
   <leader>00925njm 22002777a 4500</leader>
   <datafield ind2=" " ind1=" " tag="042">
      <subfield code="a">dc</subfield>
   </datafield>
   <datafield ind2=" " ind1=" " tag="720">
      <subfield code="a">Gaspar García, Ma. Dolores</subfield>
      <subfield code="e">author</subfield>
   </datafield>
   <datafield ind2=" " ind1=" " tag="720">
      <subfield code="a">Suñé Arbussà, José Ma. (José María), 1928-</subfield>
      <subfield code="e">author</subfield>
   </datafield>
   <datafield ind2=" " ind1=" " tag="260">
      <subfield code="c">2017-07-14T10:12:37Z</subfield>
   </datafield>
   <datafield ind2=" " ind1=" " tag="260">
      <subfield code="c">2017-07-14T10:12:37Z</subfield>
   </datafield>
   <datafield ind2=" " ind1=" " tag="260">
      <subfield code="c">1993</subfield>
   </datafield>
   <datafield ind2=" " ind1=" " tag="260">
      <subfield code="c">2017-07-14T10:12:37Z</subfield>
   </datafield>
   <datafield ind2=" " ind1=" " tag="520">
      <subfield code="a">La Facultad de Farmacia de Barcelona, tal como se la conoce en la actualidad, inició sus actividades a partir del plan de estudios decretado en España en 1845 (ver pBgina siguiente), pues, entre las interesantes novedades que introdujo, figur6 la incorporación de 10s estudios de Farmacia a la Universidad española. El texto definitivo del Real Decreto y del Reglamento, publicado poc0 después para su desarrollo, recogió opiniones contrastadas de corporaciones profesionales, personalidades científicas y, sobre todo, del organismo encargado de velar por el progreso de la enseñanza a nivel nacional: el Consejo de Instrucci6n Pública. En la nueva remodelacibn de 10s estudios, el Consejo concedió extraordinaria importancia al libro de texto, al considerar10 un medio imprescindible para la adecuada actividad docente, en todos 10s niveles de enseñanza, desde la primaria basta la superior o universitaria. Servia de apoyo y refuerzo de la lección magistral, y era el punto de encuentro entre el alumno y la materia objeto de estudio. Con estas consideraciones, no es de extraiiar que el Consejo de Instrucción Pública alertara sobre la necesidad de disponer de obras modernas, actualizadas y en armonía con el progreso que iban alcanzando las ciencias de Bmbito farmacéutico: cierlcias naturales y química, principalmente.</subfield>
   </datafield>
   <datafield tag="653" ind2=" " ind1=" ">
      <subfield code="a">Història de la farmàcia</subfield>
   </datafield>
   <datafield tag="653" ind2=" " ind1=" ">
      <subfield code="a">Educació superior</subfield>
   </datafield>
   <datafield tag="653" ind2=" " ind1=" ">
      <subfield code="a">Llibres de text</subfield>
   </datafield>
   <datafield tag="653" ind2=" " ind1=" ">
      <subfield code="a">History of the pharmacy</subfield>
   </datafield>
   <datafield tag="653" ind2=" " ind1=" ">
      <subfield code="a">Higher education</subfield>
   </datafield>
   <datafield tag="653" ind2=" " ind1=" ">
      <subfield code="a">Textbooks</subfield>
   </datafield>
   <datafield tag="653" ind2=" " ind1=" ">
      <subfield code="a">Universitat de Barcelona. Facultat de Farmàcia</subfield>
   </datafield>
   <datafield ind2="0" ind1="0" tag="245">
      <subfield code="a">Los primeros libros de texto utilizados en la Facultad de Farmacia de Barcelona</subfield>
   </datafield>
</record></metadata></record></GetRecord></OAI-PMH>